00900nam a2200253 450000500170000001000190001702000270003602000260006303500140008903500140010303700090011708200110012610000220013724500330015926000490019227000530024130000220029430000220031670000100033894200250034899900190037395201300039295201240052220250708113841.0 aENG-145788-789 c1195.00a9789395368834 c450.00a9789395368933 aEN-129320 aEN-129321 bDBAD a370.72 aArulsamy.S982753 aAction Research/cS.Arulsamy aHyderabadbNeelkamal Publications Pvt. Ltd. aSultan Bazar, Koti, HyderabadbHyderabade500001 a254p.c24.4cm(hb) a254p.c24 cm (pb) 982746 2ddccENh370.72mAru c212216d212216 001040708NFICaZLSbZLSd2025-07-08eDBADg1195.00l0o370.72 ArupEN-129320r2025-07-08 00:00:00v1195.00w2025-07-08yEN 001040708NFICaLbLd2025-07-08eDBADg450.00l0o370.72 ArupEN-129321r2025-07-08 00:00:00v450.00w2025-07-08yEN